000 00554nam a2200193Ia 4500
008 090124s9999 xx 000 0 und d
020 _a81-7425-171-5
082 _b46478
100 _aमहाम्बरे गंगाधर
245 _a मराठी गझल
250 _a1
260 _c2006
300 _a120
600 _aमहाम्बरे गंगाधर
630 _a मराठी गझल
700 _aमहाम्बरे गंगाधर
730 _a मराठी गझल
942 _cBOOK
999 _c112696
_d112696